Statistics for European Capitals with Letter C

Click here to take the quiz!

General Stats

  • This quiz has been taken 124 times
    (110 since last reset)
  • The average score is 5 of 8

Answer Stats

Capital% Correct
Copenhagen
85%
Stockholm
67%
Moscow
66%
Chișinău
65%
Bucharest
62%
Vatican City
48%
Podgorica
39%
Monaco
38%

Score Distribution

Percentile by Number Answered

Percent of People with Each Score

Your Score History

You have not taken this quiz since the last reset